| Registos Bibliográficos associados ao registo de autoridade |
|
Etiqueta de registo: 00000nkm 2200025 450 001 2271122 003 http://id.bnportugal.gov.pt/bib/catbnp/2271122 100 ## $a20260224d1981_ m y0pory01030103ba 101 0# $apor 102 ## $aPT 200 1# $aHipismo Internacional, 1.º concurso de saltos de amizade, Braga, 20 a 24 de junho$bVisual gráfico]$fCentro Hípico de Braga 210 #9 $aBraga$cCentro Hípico de Braga,$d1981$eBraga :$gLito ) 215 ## $a1 cartaz$ccolor.$d71,5x 50cm 317 ## $aColeção Madeira Luís 710 02 $aConcurso de saltos de amizade,$bHipismo Internacional,$d1,$eBraga,$f1981$31993165 712 02 $aCentro Hípico de Braga$3103666 801 #0 $aPT$bBN$gRPC 966 ## $lBN$mICONOG$sCT. 22283 A.$x3 971 ## $cCaticonografia1$d20260224 995 ## $aPRR2026 $d20260224$iCaticonografia1
|
|
|